Prezentácia účtovnej závierky podľa IFRS pre malé a stredné podniky verné zobrazenie účtovnej závierky

Podmienky pre prezentáciu účtovnej závierky, ako sú uvedené v IFRS pre malé a stredné podniky. Verné zobrazenie účtovnej závierky.

Salvato in:
Dettagli Bibliografici
Autore principale: Ješš, Michal, 1986-
Natura: Capitolo di libro
Lingua:slovacco
Soggetti:
Tags: Aggiungi Tag
Nessun Tag, puoi essere il primo ad aggiungerne!!

MARC

LEADER 00000nla a2200000 4500
001 0157832
005 20240502072744.0
041 0 |a slo 
044 |a SK 
245 1 0 |a Prezentácia účtovnej závierky podľa IFRS pre malé a stredné podniky  |b verné zobrazenie účtovnej závierky  |c Michal Ješš 
520 |a Podmienky pre prezentáciu účtovnej závierky, ako sú uvedené v IFRS pre malé a stredné podniky. Verné zobrazenie účtovnej závierky. 
610 2 0 |a štandardy účtovné medzinárodné 
610 2 0 |a IFRS 
610 2 0 |a podnik malý 
610 2 0 |a podnik stredný 
610 2 0 |a závierka účtovná 
100 1 |a Ješš, Michal, 1986-